Diagnòstic de l'organització de l'esport a Catalunya i estratègies de futur / Javier Gómez Navarro
ISBN:
84-7794-917-4
Descripción Física:
132 p. : gràfics, quadres ; 30 cm
Colección:
Temes d'esports ; 11
MARC
| LEADER | 00000nam a2200000Ia 4500 | ||
|---|---|---|---|
| 001 | 16042 | ||
| 008 | 160829s9999 xx 000 0 cat d | ||
| 020 | |a 84-7794-917-4 | ||
| 080 | |a P-1-45 | ||
| 100 | |a Gómez Navarro, Javier |9 24874 | ||
| 245 | |a Diagnòstic de l'organització de l'esport a Catalunya i estratègies de futur / Javier Gómez Navarro | ||
| 260 | |a Barcelona : |b Diputació de Barcelona, Àrea d'Esports, cop. 2003 | ||
| 300 | |a 132 p. : |b gràfics, quadres ; |c 30 cm | ||
| 490 | |a Temes d'esports ; 11 | ||
| 650 | |a Esports |x Organització i administració |x Catalunya |9 24875 | ||
| 710 | |a Barcelona (Catalunya : Província). |b Àrea d'Esports |9 53827 | ||
| 901 | |a Arxiu | ||
| 942 | |n 1 | ||
| 952 | |0 0 |1 0 |4 0 |6 P145 |7 1 |9 43353 |a Arxiu |b Arxiu |d 2016-12-01 |l 0 |o P-1-45 |p 16042 |r 2016-12-01 00:00:00 |w 2016-12-01 |y ARXIU | ||
| 999 | |c 45898 |d 45898 | ||